00693nam a2200133Ia 4500999001700000082001200017100007000029245014900099260006300248300001400311650007200325942001200397952015000409 c20327d20327 aRL.0042 aLalitha, N.uGujarat Institute of Development ResearchvAhmedabad 0aSocio-Economic Implications of Protecting Handicrafts Through Geographical Indications :bA Case Study of Selected Products from Southern States c2014bIndian Council of Social Science ResearchaNew Delhi avii, 124p aHandicraft ArtsvSocio-Economic Condition vGeographical Indication cRP2ddc 001040718IRPaNASSDOCbNASSDOCd2017-10-11eGifted by : RP Division, ICSSRi2017-10-09l0oRL.0042p49427r2019-04-18 00:00:00w2019-04-18yRP